000
00330nam a22001457a 4500
008
230502b ||||| |||| 00| 0 eng d
020
_a
0192629506
041
_a
eng
080
_a
61
082
_a
61LOC
100
_a
4
101
_a
MJEKSI
245
_a
THE OXFORD ILLUSTRATED COMPANION TO MEDICINE
_c
LOCK.S
942
_2
udc
_c
BK
999
_c
59642
_d
59642